KOHA-Header-6

The Conversation Company (Boost Your Business Through Culture, People & Social Media) (Record no. 411)

000 -LEADER
fixed length control field 00379nam a2200121Ia 4500
008 - FIXED-LENGTH DATA ELEMENTS--GENERAL INFORMATION
fixed length control field 190722s9999 xx 000 0 und d
020 ## - INTERNATIONAL STANDARD BOOK NUMBER
International Standard Book Number 978-0-7494-6473-8
100 ## - MAIN ENTRY--PERSONAL NAME
Personal name Steven Van Belleghem
245 #4 - TITLE STATEMENT
Title The Conversation Company (Boost Your Business Through Culture, People & Social Media)
260 ## - PUBLICATION, DISTRIBUTION, ETC. (IMPRINT)
Place of publication, distribution, etc USA / UK / New Delhi
Name of publisher, distributor, etc Kogan Page Limited
Date of publication, distribution, etc 2012
300 ## - PHYSICAL DESCRIPTION
Extent 271
942 ## - ADDED ENTRY ELEMENTS (KOHA)
Koha item type Books
Holdings
Withdrawn status Lost status Damaged status Not for loan Collection code Permanent Location Current Location Shelving location Date acquired Full call number Barcode Date last seen Price effective from Koha item type
        Management MAJU MAJU   2019-07-22 658.802 7037 2019-07-22 2019-07-22 Management

Powered by Koha